| 000 | 00695cam a2200205 4500 | ||
|---|---|---|---|
| 001 | X118454 | ||
| 008 | 020619n2002 000 0 eng u | ||
| 035 | _a(Sirsi) u118454 | ||
| 100 | _aMackintosh, N | ||
| 245 | _aJaw, jaw, better than war, war | ||
| 260 | _c2002 | ||
| 490 |
_aLaw Society's Gazette _v99(06) 7 February 2002, 16(1) |
||
| 520 | _aSuggests that with increasingly costly litigation, alternative dispute resolution should be considered by the litigant. | ||
| 650 | _aLITIGATION COSTS | ||
| 650 | _aALTERNATIVE DISPUTE RESOLUTION | ||
| 650 | _aALTERNATIVE DISPUTE RESOLUTION | ||
| 650 | _aCOWL AND OTHERS V PLYMOUTH CC | ||
| 690 |
_aDispute resolution _96236 |
||
| 942 | _n0 | ||
| 999 |
_c70509 _d70509 |
||